| 000 | 01265aaa a2200301 a 4500 | ||
|---|---|---|---|
| 999 |
_c323596 _d323596 |
||
| 003 | BLK | ||
| 005 | 20250531111751.0 | ||
| 008 | 180803b bula|||ar|||| 00| 0 bul d | ||
| 020 | _a9786191864034 | ||
| 040 | _aBLK | ||
| 041 |
_aBUL _cBUL |
||
| 072 |
_9178281 _aН85 _xДетска художествена литература Н |
||
| 080 |
_aАнглийска литература _b821.111 _z821.111-93-34 _x-34 |
||
| 100 |
_aМаккий, Дейвид _eпърви автор _91299 |
||
| 139 |
_aМаккий, Дейвид _bМ 19 |
||
| 245 |
_aЕлмър и чудовището _bТекст и ил. Дейвид Маккий; прев. Манол Пейков |
||
| 257 | _aGBR | ||
| 260 |
_b"Жанет 45" _c2018 _aПловдив _g2018 |
||
| 300 |
_a32 с. _c28 см _bс цв. ил |
||
| 380 | _aDX | ||
| 500 | _aОриг. загл., установено от доп. източник: Elmer and the monster / David McKee Част от загл. на поредица Елмър | ||
| 700 |
_9382564 _aПейков, Манол Костадинов _eпрев. от англ. |
||
| 852 | _aЦб ІІ 23185 | ||
| 942 |
_cKNG _2udc _n0 _061 |
||
| 944 |
_aED _c2018-12-12 _k30564 _lАнна Гръцманова |
||
| 999 | _d323596 | ||
| 999 | _d323596 | ||